Equipos que han ganado la Copa del Rey - Estadísticas

Estadísticas generales
  • Esta prueba ha sido intentada 211 veces
  • La puntuación promedio es 113 de 122
Estadísticas de respuestas
Año Respuesta % Correcto
1905 | 1906 | 1907 | +17 others Real Madrid C. F.
100%
1910-I | 1912 | 1913-II | +28 others F. C. Barcelona
99%
1960 | 1961 | 1965 | +7 others Atlético de Madrid
96%
1977 | 2005 | 2022 Real Betis
96%
1935 | 1939 | 1948 | +2 others Sevilla F. C.
96%
1941 | 1949 | 1954 | +5 others Valencia C. F.
96%
1903 | 1904 | 1910-II | +21 others Athletic Club
94%
1909 | 1987 | 2020 Real Sociedad
94%
1995 | 2002 Deportivo de La Coruña
84%
2003 R. C. D. Mallorca
81%
1964 | 1966 | 1986 | +3 others Real Zaragoza
78%
1929 | 1940 | 2000 | 2006 R. C. D. Espanyol
77%
1913-I | 1918 | 1924 | 1927 Real Unión Club
33%
1919 Arenas de Getxo
17%
No se encontraron pruebas coincidentes
Distribución de puntuación
Porcentaje de gente con cada puntuación
Porcentaje por número respondido
Historial de tus puntuaciones
No has intentado esta prueba.